000 00546nam a2200193Ia 4500
003 GCL
008 140319s9999 xx 000 0 ara d
040 _aGCL /
_cGCL
082 0 4 _a500.5
_bس ح
100 1 _aسعد شعبان
245 1 0 _aحدث فى الفضاء /
_cسعد شعبان
300 _a463 ص
490 _aالهيئة العامة للاستعلامات
_v0
650 0 4 _aالفضاء
650 0 4 _aالفلك الوصفى
650 0 4 _aرحلات الفضاء
650 0 4 _aالفضاء الخارجى
942 _2ddc
_cBK
999 _c48897
_d48897